Bayern Munich : 11 du XXème siècle - Statistiques

Statistiques générales
  • Ce quiz a été pris 100 fois
  • Le résultat moyen est 5 sur 12
Statistiques - réponses
Postes Pays Années de passage Joueurs % Correct
Libéro RFA 1964-1977 Franz Beckenbauer
87%
Attaquant RFA 1964-1979 Gerd Muller
86%
Défenseur Gauche France 1997-2004 Bixente Lizarazu
83%
Défenseur Central / Milieu RFA 1984-1988/1992-2000 Lothar Matthaus
61%
Attaquant RFA 1974-1984 Karl-Heinz Rummenigge
47%
Gardien RFA 1962-1979 Sepp Maier
39%
Milieu Offensif / Défenseur Gauche RFA 1970-1974/1978-1983 Paul Breitner
34%
Milieu de terrain Allemagne 1992-2007 Mehmet Scholl
16%
Défenseur Central RFA 1966-1981 Hans-Georg Schwarzenbeck
8%
Libéro RFA 1976-1991 Klaus Augenthaler
6%
Milieu de terrain RFA 1966-1978 Franz Roth
4%
Entraîneur RFA 1970-1975/1983-1987 Udo Lattek
3%
Aucun quiz correspondant
Distribution des résultats
% des personnes avec chaque résultat
Percentile par nombre de réponses
Votre historique - résultats
Vous n’avez pas pris ce quiz